| 000 | 01090pam a2200325 4500 | ||
|---|---|---|---|
| 001 | 700881 | ||
| 003 | OCoLC | ||
| 005 | 20260102134517.0 | ||
| 008 | 730815s1974 nyua b 001 0 engm | ||
| 010 | _a73014682 | ||
| 020 | _a0070314713 | ||
| 035 | _a700881 | ||
| 040 |
_aDLC _cDLC _dm.c. _dEEM _dUtOrBLW _beng _erda |
||
| 041 | 0 | _aeng | |
| 060 | 0 |
_aWG 100 _bH966 1974 |
|
| 096 |
_aWG100 _bH966 1974 |
||
| 100 | 1 |
_aHurst, J. Willis _q(John Willis), _d1920-2011 _0http://id.loc.gov/authorities/names/n79065197. _9149437 |
|
| 245 | 1 | 4 |
_aThe heart, arteries, and veins / _cEditor-in-chief: J. Willis Hurst. Editors: R. Bruce Logue, Robert C. Schlant [and] Nanette Kass Wenger. |
| 250 | _aThird edition. | ||
| 264 | 1 |
_aNew York : _bMcGraw-Hill, _c[1974] |
|
| 300 |
_axx, 1,833 pages : _billustrations ; _c27 cm |
||
| 336 |
_atext _btxt _2rdacontent. |
||
| 337 |
_aunmediated _bn _2rdamedia. |
||
| 338 |
_avolume _bnc _2rdacarrier. |
||
| 500 | _a"A Blakiston publication." | ||
| 650 | 2 |
_aCardiovascular Diseases. _96012 |
|
| 942 |
_2NLM _cBK |
||
| 999 |
_c200442877 _d61089 |
||